[Event "Langley op"]
[Site "Langley CAN"]
[Date "2018.09.03"]
[Round "5.4"]
[White "McLaren, Brian"]
[Black "Zhu, Brandon"]
[Result "1-0"]
[WhiteElo "2152"]
[BlackElo "2101"]
[PlyCount "113"]
[EventDate "2018.09.01"]
[EventType "swiss"]
[EventRounds "6"]
[EventCountry "CAN"]

1. g3 d5 2. Bg2 c5 3. Nf3 Nf6 4. d3 e6 5. Nbd2 Nc6 6. O-O Be7 7. e4 O-O 8. Re1
b5 9. e5 Nd7 10. Nf1 Bb7 11. h4 Qc7 12. Bf4 Rfc8 13. N1h2 Qd8 14. Ng5 h6 15.
Ngf3 Nf8 16. c3 Nh7 17. Rc1 a5 18. Qe2 Ba6 19. Red1 c4 20. Ne1 b4 21. Qg4 Qf8
22. dxc4 Bxc4 23. b3 Bb5 24. c4 dxc4 25. bxc4 Ba4 26. Rd3 Rd8 27. Nhf3 Rac8 28.
Bxh6 Bc5 29. Be3 Bxe3 30. Rxe3 Bd1 31. Qf4 Bxf3 32. Nxf3 Qc5 33. Bf1 Nd4 34.
Bd3 Nxf3+ 35. Rxf3 f5 36. exf6 Nxf6 37. Re1 Rc6 38. Re5 Qd4 39. Qxd4 Rxd4 40.
Rxa5 Rcd6 41. Ra8+ Kf7 42. Ra7+ Rd7 43. Rxd7+ Rxd7 44. g4 Ke7 45. g5 Ng4 46.
Bf1 Rd2 47. Bh3 Ne5 48. Re3 Nxc4 49. Rxe6+ Kf8 50. Re4 Rc2 51. Be6 Nb2 52. Rxb4
Nd3 53. Rb7 Ne5 54. Kg2 Nd3 55. Rf7+ Ke8 56. Bb3 Rc3 57. g6 1-0

[Event "Langley op"]
[Site "Langley CAN"]
[Date "2018.09.03"]
[Round "5.5"]
[White "Chung, Alec"]
[Black "Ingram, Richard"]
[Result "1/2-1/2"]
[WhiteElo "1900"]
[BlackElo "1654"]
[PlyCount "139"]
[EventDate "2018.09.01"]
[EventType "swiss"]
[EventRounds "6"]
[EventCountry "CAN"]

1. c4 e5 2. Nc3 Bb4 3. g3 Bxc3 4. bxc3 Nf6 5. Ba3 d6 6. Bg2 Nc6 7. Rb1 O-O 8.
d3 Re8 9. e3 d5 10. cxd5 Nxd5 11. Ne2 Rb8 12. O-O Be6 13. d4 Nb6 14. Qc2 Qd7
15. Rfd1 Nc4 16. Bc1 Bg4 17. f3 Be6 18. d5 Red8 19. e4 N6a5 20. Bg5 Na3 21.
dxe6 Qxe6 22. Rxd8+ Rxd8 23. Rd1 Qb6+ 24. Kh1 Rd6 25. Rxd6 Qxd6 26. Qd2 Qxd2
27. Bxd2 N5c4 28. Bc1 Nb5 29. Kg1 Kf8 30. f4 f6 31. Kf2 a5 32. g4 a4 33. Bf1
Nbd6 34. Ng3 g6 35. Bxc4 Nxc4 36. f5 Kf7 37. Nf1 Nd6 38. Kf3 Nb5 39. Bd2 c6 40.
Ne3 Nd6 41. Nc2 Nc4 42. Bc1 c5 43. Na3 Nd6 44. Nc2 Nb5 45. Bd2 gxf5 46. exf5
Nd6 47. h4 h5 48. Ne3 hxg4+ 49. Kxg4 Ne4 50. Nc4 b5 51. Kf3 Nxd2+ 52. Nxd2 b4
53. cxb4 cxb4 54. Ke4 Kg7 55. Kd3 Kh6 56. Kc4 b3 57. Nxb3 axb3 58. Kxb3 Kh5 59.
a4 Kxh4 60. a5 e4 61. Kc3 Kg3 62. a6 e3 63. Kd3 Kf2 64. a7 e2 65. a8=Q e1=Q 66.
Qa7+ Kf1 67. Qh7 Qe2+ 68. Kd4 Qe5+ 69. Kc4 Kg2 70. Qd7 1/2-1/2

[Event "Langley op"]
[Site "Langley CAN"]
[Date "2018.09.03"]
[Round "5.6"]
[White "Pangilinan, Emmanuel"]
[Black "Gu, Chuyang"]
[Result "0-1"]
[WhiteElo "1661"]
[BlackElo "1880"]
[PlyCount "130"]
[EventDate "2018.09.01"]
[EventType "swiss"]
[EventRounds "6"]
[EventCountry "CAN"]

1. e4 c5 2. f4 d5 3. exd5 Nf6 4. Nf3 Nxd5 5. Bc4 g6 6. O-O Bg7 7. c3 Nc6 8. a3
O-O 9. d3 Bf5 10. Nh4 Bc8 11. f5 e6 12. fxe6 Bxe6 13. Nf3 Bg4 14. h3 Bf5 15.
Bg5 Qd6 16. Qd2 Nb6 17. Bb5 Na5 18. Qc2 c4 19. Nbd2 Bxd3 20. Qd1 Bxf1 21. Kxf1
h6 22. Bh4 a6 23. Ba4 Nd5 24. Bf2 Nf4 25. Bc2 b5 26. Kg1 Rfe8 27. Qf1 Ne2+ 28.
Kh1 Ng3+ 29. Bxg3 Qxg3 30. Ne4 Qf4 31. g3 Qc7 32. Qf2 Qc6 33. Ned2 Rad8 34. Kh2
Nb7 35. Rf1 f5 36. Nh4 Re6 37. Bd1 Nc5 38. Ndf3 Ne4 39. Qg1 Be5 40. Nxe5 Rd2+
41. Ng2 Rxe5 42. Bf3 Qc7 43. Bxe4 Rxe4 44. Rf2 Ree2 45. Rxe2 Rxe2 46. Qf1 Rxb2
47. Qf3 Kh7 48. Kh1 Rb1+ 49. Kh2 Qa7 50. Qe3 Qxe3 51. Nxe3 Rb3 52. Nd5 Rxa3 53.
Kg2 Ra2+ 54. Kf1 Rd2 55. Nc7 Rd3 56. Nxa6 Rxc3 57. g4 Ra3 58. Nb4 c3 59. gxf5
gxf5 60. Ke2 Rb3 61. Nd5 b4 62. Kd3 Rb2 63. Ke3 c2 64. Kd2 b3 65. Kc1 Rb1+ 0-1

[Event "Langley op"]
[Site "Langley CAN"]
[Date "2018.09.03"]
[Round "5.7"]
[White "Yang, Brian"]
[Black "Jayawardena, Dinusha"]
[Result "1/2-1/2"]
[WhiteElo "1781"]
[BlackElo "1623"]
[PlyCount "79"]
[EventDate "2018.09.01"]
[EventType "swiss"]
[EventRounds "6"]
[EventCountry "CAN"]

1. e4 c6 2. d4 d5 3. exd5 cxd5 4. c4 Nf6 5. Nc3 e6 6. Nf3 Nc6 7. Bd3 Be7 8. O-O
O-O 9. Re1 Nb4 10. Bf1 dxc4 11. Bxc4 b6 12. Bg5 Bb7 13. Ne5 h6 14. Bf4 Nbd5 15.
Bg3 Rc8 16. f3 Nh5 17. Bf2 Nhf4 18. Nxd5 Bxd5 19. Ba6 Rc7 20. Qd2 Bg5 21. Be3
Nh5 22. Bxg5 Qxg5 23. Qxg5 hxg5 24. Rec1 Rxc1+ 25. Rxc1 Nf4 26. Rc7 f6 27. Nd7
Rd8 28. Rxa7 Bxa2 29. g3 Nd5 30. Rb7 Nb4 31. Rxb6 Nxa6 32. Rxa6 Rxd7 33. Rxa2
Rxd4 34. Ra1 Rd3 35. Rf1 f5 36. f4 gxf4 37. gxf4 Kf7 38. Kg2 Rb3 39. Rf2 Kf6
40. Re2 1/2-1/2

[Event "Langley op"]
[Site "Langley CAN"]
[Date "2018.09.03"]
[Round "5.8"]
[White "Wang, Jerry"]
[Black "Taylor, Tristan"]
[Result "0-1"]
[WhiteElo "1626"]
[BlackElo "1750"]
[PlyCount "132"]
[EventDate "2018.09.01"]
[EventType "swiss"]
[EventRounds "6"]
[EventCountry "CAN"]

1. c4 b6 2. Nf3 e6 3. g3 Bb7 4. Bg2 Nf6 5. Nc3 d5 6. cxd5 Nxd5 7. O-O Be7 8. d3
O-O 9. Bd2 Bf6 10. Rc1 c5 11. Qb3 Nc6 12. Ne4 Be7 13. Rfd1 Ndb4 14. Bc3 a5 15.
a4 Na7 16. Ned2 Bd5 17. Nc4 b5 18. axb5 a4 19. Qa3 Nxb5 20. Qa1 Ra6 21. e4 Bb7
22. d4 Qa8 23. dxc5 Bxc5 24. Nfe5 Bxe4 25. Bxe4 Qxe4 26. Nd7 Qf5 27. Ne3 Bxe3
28. fxe3 Nxc3 29. Rxc3 Re8 30. Nc5 Ra5 31. Nxa4 Nd5 32. Ra3 Qc2 33. Rd4 Rea8
34. e4 Ne3 35. Rxe3 Rxa4 36. Ra3 Rxa3 37. Qxa3 Qc6 38. Qc3 Qxc3 39. bxc3 Kf8
40. Rc4 Ra2 41. Rc7 g5 42. Rc8+ Kg7 43. Rc5 h6 44. Rb5 Rc2 45. Rc5 Kg6 46. Rc8
Kf6 47. Rc7 Re2 48. Rc4 Ke5 49. Rc7 f6 50. Rh7 Rxe4 51. Rxh6 Rc4 52. h4 gxh4
53. gxh4 Rxc3 54. Kg2 f5 55. Rh8 Kf4 56. h5 e5 57. h6 Rc2+ 58. Kg1 Rc7 59. Rf8
Rh7 60. Rf6 Kg5 61. Re6 e4 62. Kf2 Rxh6 63. Re8 Kf4 64. Ra8 Rh2+ 65. Kf1 Kf3
66. Ra3+ e3 0-1

[Event "Langley op"]
[Site "Langley CAN"]
[Date "2018.09.03"]
[Round "5.9"]
[White "Clarkson, Paul"]
[Black "Wang, Daniel"]
[Result "0-1"]
[WhiteElo "1525"]
[BlackElo "1575"]
[PlyCount "34"]
[EventDate "2018.09.01"]
[EventType "swiss"]
[EventRounds "6"]
[EventCountry "CAN"]

1. d4 d5 2. Bf4 Nf6 3. e3 Bf5 4. Nf3 e6 5. Nbd2 Nbd7 6. Be2 c5 7. Nh4 Bg6 8.
Nxg6 hxg6 9. h3 Qb6 10. Nf3 Qxb2 11. Rb1 Qc3+ 12. Qd2 Qxd2+ 13. Kxd2 Ne4+ 14.
Ke1 b6 15. Bd3 Nc3 16. Rb2 c4 17. Be2 Ba3 0-1

[Event "Langley op"]
[Site "Langley CAN"]
[Date "2018.09.03"]
[Round "5.10"]
[White "Wang, Kai"]
[Black "Landingin, Jofrei"]
[Result "1-0"]
[WhiteElo "1800"]
[BlackElo "1768"]
[PlyCount "93"]
[EventDate "2018.09.01"]
[EventType "swiss"]
[EventRounds "6"]
[EventCountry "CAN"]

1. e4 d6 2. d4 g6 3. Nf3 Bg7 4. Bc4 e6 5. Bg5 Ne7 6. Bb3 O-O 7. Qd2 Nd7 8. Nc3
Nf6 9. h4 h5 10. Bh6 d5 11. e5 Ng4 12. Bxg7 Kxg7 13. Ng5 f6 14. exf6+ Rxf6 15.
f3 Nh6 16. O-O-O a5 17. a3 Qd6 18. Kb1 Bd7 19. Na4 Bxa4 20. Bxa4 c6 21. Rde1 b5
22. Bb3 a4 23. Ba2 Nef5 24. c3 Ng3 25. Rh3 Re8 26. Ka1 Ngf5 27. Bb1 Re7 28. Re5
c5 29. Rh1 b4 30. Bxf5 Nxf5 31. g4 cxd4 32. cxd4 hxg4 33. fxg4 Ng3 34. Rg1 b3
35. Qe1 Ne4 36. Nxe4 dxe4 37. Qxe4 Ref7 38. Re1 Rf4 39. Qb1 Rxg4 40. R5e4 Rg2
41. Rxe6 Qxd4 42. R6e4 Qd7 43. Re5 Rc2 44. h5 gxh5 45. Rxh5 Rf6 46. Reh1 Qf5
47. Rxf5 1-0

[Event "Langley op"]
[Site "Langley CAN"]
[Date "2018.09.03"]
[Round "6.2"]
[White "Bremner, William"]
[Black "McLaren, Brian"]
[Result "0-1"]
[WhiteElo "2192"]
[BlackElo "2152"]
[PlyCount "110"]
[EventDate "2018.09.01"]
[EventType "swiss"]
[EventRounds "6"]
[EventCountry "CAN"]

1. d4 f5 2. Nf3 Nf6 3. g3 e6 4. Bg2 d5 5. O-O Bd6 6. c4 c6 7. b3 Qe7 8. Bb2 O-O
9. Qc1 Nbd7 10. Ba3 Ne4 11. Bxd6 Qxd6 12. Qc2 b6 13. Nc3 Bb7 14. Rac1 Rac8 15.
Qb2 Qe7 16. e3 g5 17. Rfd1 g4 18. Ne1 Ng5 19. cxd5 exd5 20. Ne2 Nf6 21. Nf4
Rfe8 22. Ned3 Nf7 23. Qe2 Ba6 24. h4 Ne4 25. Qe1 Bxd3 26. Nxd3 a5 27. Rc2 Qd7
28. Rdc1 Ned6 29. a4 Qb7 30. Nf4 Kg7 31. Bf1 Ne4 32. Bd3 Nfd6 33. Qe2 b5 34.
Qf1 bxa4 35. Ba6 Qxb3 36. Bxc8 Rxc8 37. Rxc6 Rxc6 38. Rxc6 Nc4 39. Rc7+ Kg8 40.
Nxd5 Ned2 41. Nf6+ Kf8 42. Qa1 a3 43. Nd7+ Ke8 44. Nc5 Qb2 45. Qxb2 axb2 46.
Rb7 b1=Q+ 47. Rxb1 Nxb1 48. Kf1 Nc3 49. h5 a4 50. Kg2 a3 51. Nb3 a2 52. f3
Nxe3+ 53. Kf2 Nc2 54. fxg4 fxg4 55. d5 Ke7 0-1

[Event "Langley op"]
[Site "Langley CAN"]
[Date "2018.09.03"]
[Round "6.3"]
[White "Sohal, Tanraj"]
[Black "Taylor, Tristan"]
[Result "1/2-1/2"]
[WhiteElo "2393"]
[BlackElo "1750"]
[PlyCount "121"]
[EventDate "2018.09.01"]
[EventType "swiss"]
[EventRounds "6"]
[EventCountry "CAN"]

1. d4 Nf6 2. c4 e6 3. Nf3 b6 4. g3 Bb7 5. Bg2 c5 6. d5 exd5 7. Nh4 d6 8. Nc3
Qd7 9. Nxd5 Nxd5 10. Bxd5 Bxd5 11. Qxd5 Qc6 12. Qxc6+ Nxc6 13. O-O Nd4 14. e3
Ne2+ 15. Kh1 Nxc1 16. Raxc1 g6 17. Rfd1 O-O-O 18. Ng2 g5 19. Rd5 Rg8 20. b3 f6
21. Rf5 Bg7 22. Ne1 Kc7 23. a3 Rge8 24. Nf3 Rd7 25. g4 Re4 26. h3 Kc6 27. b4 a6
28. Kg2 d5 29. Nd2 Re5 30. Rxe5 fxe5 31. bxc5 bxc5 32. cxd5+ Rxd5 33. Nc4 e4
34. f3 exf3+ 35. Kxf3 Rd3 36. Ke4 Rc3 37. Rxc3 Bxc3 38. a4 Bf6 39. Kf5 Kd5 40.
Kxf6 Kxc4 41. e4 Kb4 42. e5 c4 43. e6 c3 44. e7 c2 45. e8=Q c1=Q 46. Qe4+ Ka5
47. Kg7 Qf4 48. Qf5+ Kxa4 49. Kxh7 a5 50. Kg6 Kb4 51. h4 Qd6+ 52. Kxg5 Qd8+ 53.
Kh5 Qh8+ 54. Kg6 Qxh4 55. Qb1+ Kc5 56. Qc2+ Kb4 57. Qd2+ Kb3 58. Qd1+ Kb4 59.
Qb1+ Kc4 60. Qc1+ Kb4 61. Qb1+ 1/2-1/2

[Event "Langley op"]
[Site "Langley CAN"]
[Date "2018.09.03"]
[Round "6.4"]
[White "Wang, Daniel"]
[Black "Lehingrat, Callum"]
[Result "0-1"]
[WhiteElo "1575"]
[BlackElo "2007"]
[PlyCount "64"]
[EventDate "2018.09.01"]
[EventType "swiss"]
[EventRounds "6"]
[EventCountry "CAN"]

1. e4 c5 2. c3 Nf6 3. e5 Nd5 4. d4 cxd4 5. cxd4 e6 6. Nf3 d6 7. Bc4 Nc6 8. O-O
Be7 9. Nc3 Nxc3 10. bxc3 dxe5 11. Nxe5 Nxe5 12. dxe5 Qa5 13. Qd4 O-O 14. Bf4
Rd8 15. Qe3 Bd7 16. Rfd1 Rac8 17. Bd3 Bc6 18. c4 b6 19. Qg3 Rd7 20. Bh6 Bf8 21.
Bg5 Qc5 22. h4 Kh8 23. h5 h6 24. Be3 Qa3 25. Be2 Rxd1+ 26. Rxd1 Qxa2 27. Rd2
Qa3 28. Qf4 Kg8 29. Qg4 Qa1+ 30. Bd1 Qxe5 31. Bxh6 f5 32. Bf4 Qe1+ 0-1

[Event "Langley op"]
[Site "Langley CAN"]
[Date "2018.09.03"]
[Round "6.5"]
[White "Gu, Chuyang"]
[Black "Chung, Alec"]
[Result "1-0"]
[WhiteElo "1880"]
[BlackElo "1900"]
[PlyCount "101"]
[EventDate "2018.09.01"]
[EventType "swiss"]
[EventRounds "6"]
[EventCountry "CAN"]

1. e4 c5 2. Nf3 d6 3. d4 cxd4 4. Nxd4 Nf6 5. Nc3 a6 6. Bg5 e6 7. f4 Be7 8. Qf3
Qc7 9. O-O-O b5 10. g4 Bb7 11. Bxf6 Bxf6 12. Bxb5+ Nc6 13. e5 O-O 14. Bxc6 Bxc6
15. Qxc6 Qxc6 16. Nxc6 dxe5 17. Nxe5 Rfd8 18. Ne4 Bxe5 19. fxe5 Kf8 20. Rd6 Ke7
21. Rhd1 Rxd6 22. exd6+ Kd8 23. Ng5 Ra7 24. c4 h5 25. h3 hxg4 26. hxg4 e5 27.
c5 Kd7 28. Nxf7 e4 29. Ne5+ Kc8 30. d7+ Rxd7 31. Rxd7 e3 32. c6 e2 33. Kd2 e1=N
34. c7 Nf3+ 35. Nxf3 Kxd7 36. Kc3 Kxc7 37. Nd4 Kd7 38. Kb4 g6 39. Ka5 Kd6 40.
Kxa6 Ke5 41. b4 Kxd4 42. b5 Ke4 43. b6 Kf4 44. b7 g5 45. b8=Q+ Kxg4 46. Qb1 Kh4
47. Kb7 g4 48. a4 g3 49. a5 g2 50. a6 g1=N 51. Qxg1 1-0

[Event "Langley op"]
[Site "Langley CAN"]
[Date "2018.09.03"]
[Round "6.7"]
[White "Ingram, Richard"]
[Black "Wang, Kai"]
[Result "1-0"]
[WhiteElo "1654"]
[BlackElo "1800"]
[PlyCount "105"]
[EventDate "2018.09.01"]
[EventType "swiss"]
[EventRounds "6"]
[EventCountry "CAN"]

1. e4 c5 2. Nc3 a6 3. d4 cxd4 4. Qxd4 Nc6 5. Qd2 g6 6. Bc4 Bg7 7. Nge2 Nf6 8.
Bb3 b5 9. O-O O-O 10. Qe3 Bb7 11. Kh1 Ne5 12. f3 e6 13. Qf2 Qc7 14. Bf4 Nh5 15.
Be3 b4 16. Bb6 Qb8 17. Na4 d5 18. exd5 exd5 19. Bc5 Re8 20. Nb6 Nc4 21. Bxc4
dxc4 22. Nxa8 Bxa8 23. Bd4 Rxe2 24. Qxe2 Bxd4 25. Qxc4 Bxb2 26. Rad1 Nf4 27.
Rd7 Ne6 28. Rfd1 Be5 29. Qxe6 fxe6 30. Rd8+ Kg7 31. Rxb8 Bxb8 32. Rd8 Bxf3 33.
gxf3 Be5 34. Rd7+ Kh6 35. Ra7 Bc3 36. Rxa6 e5 37. Rc6 Bb2 38. Rc4 Ba3 39. Kg2
Kg5 40. Kf2 Kf5 41. Re4 h5 42. h3 g5 43. Ke2 Ke6 44. Kd3 Kf5 45. Kc4 Ke6 46.
Kb3 Kf5 47. c3 Bc1 48. cxb4 Bf4 49. Re2 g4 50. fxg4+ hxg4 51. hxg4+ Kxg4 52.
Kc4 Kf3 53. Kd3 1-0

[Event "Langley op"]
[Site "Langley CAN"]
[Date "2018.09.03"]
[Round "6.8"]
[White "Lee, Mau Seng"]
[Black "Yang, Brian"]
[Result "0-1"]
[WhiteElo "1583"]
[BlackElo "1781"]
[PlyCount "36"]
[EventDate "2018.09.01"]
[EventType "swiss"]
[EventRounds "6"]
[EventCountry "CAN"]

1. e4 c5 2. e5 Nc6 3. f4 d5 4. Nf3 Bg4 5. h3 Bxf3 6. gxf3 e6 7. h4 Be7 8. Bb5
Bxh4+ 9. Ke2 Nh6 10. Rh3 Nf5 11. Bxc6+ bxc6 12. Qg1 O-O 13. Qxc5 f6 14. d4 fxe5
15. dxe5 Qc8 16. Nd2 Qa6+ 17. Kd1 d4 18. c4 Be7 0-1

[Event "Langley op"]
[Site "Langley CAN"]
[Date "2018.09.03"]
[Round "6.9"]
[White "Jayawardena, Dinusha"]
[Black "Jiang, Kate"]
[Result "1/2-1/2"]
[WhiteElo "1623"]
[BlackElo "1694"]
[PlyCount "72"]
[EventDate "2018.09.01"]
[EventType "swiss"]
[EventRounds "6"]
[EventCountry "CAN"]

1. d4 d5 2. Bf4 Nf6 3. e3 c6 4. Nf3 Bf5 5. Bd3 Bg6 6. Bxg6 hxg6 7. Nbd2 e6 8.
c3 c5 9. Qa4+ Qd7 10. Qxd7+ Nbxd7 11. O-O-O b5 12. Ne5 c4 13. Nxd7 Nxd7 14. a3
a5 15. Kc2 b4 16. axb4 axb4 17. Ra1 b3+ 18. Kb1 Rxa1+ 19. Kxa1 Be7 20. e4 O-O
21. exd5 exd5 22. Re1 Ra8+ 23. Kb1 Kf8 24. Nf1 Ra2 25. Ne3 Nb6 26. Bc7 Na4 27.
Nd1 f6 28. f4 Ba3 29. bxa3 Rxg2 30. Bd6+ Kg8 31. Bb4 Kh7 32. Ne3 Rb2+ 33. Ka1
Ra2+ 34. Kb1 Rb2+ 35. Ka1 Ra2+ 36. Kb1 Rb2+ 1/2-1/2

[Event "Langley op"]
[Site "Langley CAN"]
[Date "2018.09.03"]
[Round "6.10"]
[White "Doknjas, Neil"]
[Black "Long, Hugh"]
[Result "1-0"]
[WhiteElo "2039"]
[BlackElo "1564"]
[PlyCount "103"]
[EventDate "2018.09.01"]
[EventType "swiss"]
[EventRounds "6"]
[EventCountry "CAN"]

1. e4 e5 2. Nf3 Nc6 3. d4 exd4 4. Nxd4 Bc5 5. Be3 Nxd4 6. Bxd4 Bxd4 7. Qxd4 f6
8. Bc4 d6 9. Qd5 Qe7 10. Bb5+ Kd8 11. Bc4 Nh6 12. f3 c6 13. Qd2 Be6 14. Bxe6
Qxe6 15. Nc3 Kc7 16. O-O-O Rhd8 17. Kb1 Nf7 18. Ne2 Ne5 19. Nd4 Qf7 20. Qa5+ b6
21. Qc3 Kb7 22. f4 c5 23. Nb5 Nc4 24. b3 a6 25. Qxc4 Qxc4 26. bxc4 axb5 27.
cxb5 Kc7 28. c4 Ra4 29. Rc1 Re8 30. Rhe1 Re7 31. Kb2 Ra8 32. Re3 Rae8 33. Rce1
g6 34. Kb3 f5 35. e5 dxe5 36. fxe5 Re6 37. a4 f4 38. Re4 g5 39. R4e2 h6 40. Kc3
Ra8 41. Kd3 Rxa4 42. Ke4 Kd7 43. Rd2+ Ke7 44. Kf5 Rxc4 45. Ra1 Kf7 46. Ra7+ Re7
47. e6+ Kf8 48. Kf6 Rd4 49. Ra8+ Re8 50. e7+ Kg8 51. Rxe8+ Kh7 52. Rh8+ 1-0

[Event "Laval op"]
[Site "Laval CAN"]
[Date "2018.06.22"]
[Round "1.2"]
[White "Nunez-Painchaud, Raphael"]
[Black "Zhu, Hong Rui"]
[Result "1/2-1/2"]
[WhiteElo "1907"]
[BlackElo "2293"]
[PlyCount "152"]
[EventDate "2018.06.22"]
[EventType "swiss"]
[EventRounds "5"]
[EventCountry "CAN"]

1. c4 c5 2. Nf3 Nc6 3. Nc3 e5 4. g3 g6 5. Bg2 Bg7 6. d3 Nge7 7. O-O d6 8. e4 a6
9. Nh4 O-O 10. f4 exf4 11. Bxf4 Rb8 12. Qd2 Bh8 13. Bh6 Re8 14. Bg5 Qa5 15. Qf4
Ne5 16. Bxe7 Rxe7 17. Nd5 Re8 18. Nf6+ Bxf6 19. Qxf6 Qd8 20. Qf2 Be6 21. Rad1
Qa5 22. b3 Nc6 23. Qf4 Rbd8 24. Nf5 Nd4 25. Nh6+ Kg7 26. Kh1 Ne2 27. Qg5 Rf8
28. Qf6+ Kxh6 29. g4 Bxg4 30. Bf3 Qc3 31. d4 Bh3 32. Bxe2 Bxf1 33. Bxf1 Qe3 34.
Rd3 Qxe4+ 35. Kg1 Qg4+ 36. Bg2 d5 37. Rh3+ Qxh3 38. Bxh3 dxc4 39. dxc5 cxb3 40.
axb3 Rd3 41. Be6 Rfd8 42. Qf4+ Kg7 43. Qxf7+ Kh6 44. Qf4+ Kg7 45. Qf7+ Kh6 46.
Qf4+ Kg7 47. Qe5+ Kh6 48. Bc4 Rd1+ 49. Kg2 R8d7 50. Qf4+ Kg7 51. Qe5+ Kh6 52.
Qf6 R7d2+ 53. Kg3 Rg1+ 54. Kh3 Rgg2 55. Qf4+ Kg7 56. Qc7+ Kh6 57. Bg8 Rge2 58.
Qf4+ Kg7 59. Qf7+ Kh6 60. Qf4+ Kg7 61. Qf7+ Kh6 62. Qxh7+ Kg5 63. Qh4+ Kf5 64.
Qg4+ Ke5 65. Qe6+ Kd4 66. Qc4+ Ke3 67. Bd5 Rd4 68. Qc1+ Kf2 69. Bxb7 Re3+ 70.
Qxe3+ Kxe3 71. Kg3 Rd3 72. c6 Rc3 73. b4 Kd4+ 74. Kf4 Rc4 75. Kg5 Ke5 76. Kxg6
Kd6 1/2-1/2

[Event "Laval op"]
[Site "Laval CAN"]
[Date "2018.06.22"]
[Round "1.5"]
[White "Sakr, Nassim"]
[Black "Baran, Marius"]
[Result "1-0"]
[WhiteElo "2175"]
[BlackElo "1823"]
[PlyCount "91"]
[EventDate "2018.06.22"]
[EventType "swiss"]
[EventRounds "5"]
[EventCountry "CAN"]

1. e4 c5 2. c4 Nc6 3. Nc3 g6 4. g3 Bg7 5. Bg2 d6 6. Nge2 Nf6 7. O-O O-O 8. a3
a6 9. Rb1 Rb8 10. b4 Be6 11. d3 cxb4 12. axb4 b5 13. cxb5 axb5 14. Nd5 Bd7 15.
Ne3 Qc8 16. d4 Bh3 17. Qd3 Bxg2 18. Kxg2 e6 19. Bd2 Qb7 20. f3 Rfc8 21. Rfc1
Rc7 22. Rc2 Rbc8 23. Rbc1 Nd7 24. h4 h5 25. d5 Na7 26. dxe6 fxe6 27. Qxd6 Rxc2
28. Qxe6+ Kh7 29. Rxc2 Rxc2 30. Nxc2 Ne5 31. Nf4 Nac6 32. Bc3 Qa7 33. Nxg6 Nd3
34. Be1 Nd4 35. Nxd4 Qxd4 36. Ne7 Nxe1+ 37. Kh3 Qf6 38. Qg8+ Kh6 39. Nf5+ Kg6
40. g4 Nd3 41. Qe8+ Qf7 42. Ne7+ Kf6 43. Ng8+ Qxg8 44. Qxg8 Nf2+ 45. Kg2 Nxe4
46. fxe4 1-0

[Event "Laval op"]
[Site "Laval CAN"]
[Date "2018.06.22"]
[Round "1.6"]
[White "Lesage, Philippe"]
[Black "Tomb, Maroun"]
[Result "1/2-1/2"]
[WhiteElo "1779"]
[BlackElo "2170"]
[PlyCount "66"]
[EventDate "2018.06.22"]
[EventType "swiss"]
[EventRounds "5"]
[EventCountry "CAN"]

1. c4 Nf6 2. Nf3 g6 3. Nc3 Bg7 4. g3 O-O 5. Bg2 d6 6. d4 Nc6 7. O-O a6 8. Qd3
Rb8 9. h3 h6 10. e4 e5 11. dxe5 dxe5 12. Nd5 b5 13. Be3 Be6 14. b3 bxc4 15.
bxc4 Bxd5 16. cxd5 Na5 17. Rac1 Ne8 18. Qd2 Rb5 19. Bxh6 Bxh6 20. Qxh6 Qf6 21.
Ng5 Qg7 22. Qxg7+ Kxg7 23. Rc2 Rb4 24. Rfc1 Ra4 25. Bf1 Nb7 26. Bc4 Nbd6 27.
Bb3 Rd4 28. f3 a5 29. Bc4 Rh8 30. h4 Kf6 31. Kf2 Ng7 32. Ke3 Rb8 33. f4 Ngf5+
1/2-1/2

[Event "Laval op"]
[Site "Laval CAN"]
[Date "2018.06.22"]
[Round "1.7"]
[White "Beaulieu, Eric"]
[Black "Vignalou, Joseph"]
[Result "1/2-1/2"]
[WhiteElo "2125"]
[BlackElo "1756"]
[PlyCount "93"]
[EventDate "2018.06.22"]
[EventType "swiss"]
[EventRounds "5"]
[EventCountry "CAN"]

1. Nf3 Nf6 2. c4 c5 3. g3 Nc6 4. Bg2 d5 5. cxd5 Nxd5 6. O-O e5 7. d3 Be7 8.
Nbd2 O-O 9. a3 Be6 10. Nc4 f6 11. Bd2 b5 12. Ne3 Qd7 13. Rc1 Rac8 14. Nxd5 Bxd5
15. Be3 Nd4 16. Bxd4 cxd4 17. Qd2 b4 18. axb4 Qb7 19. Rxc8 Rxc8 20. Rc1 Rxc1+
21. Qxc1 Qc6 22. Qxc6 Bxc6 23. Nxd4 exd4 24. Bxc6 Bxb4 25. Kg2 Kf7 26. Bd5+ Ke7
27. Bg8 h6 28. Kf3 f5 29. h4 g5 30. h5 g4+ 31. Kg2 Bd2 32. Bh7 Kf6 33. Bg6 a5
34. Be8 Ke7 35. Bb5 Kf6 36. b3 Kg5 37. Bd7 Kf6 38. Kf1 Ke5 39. Bc8 Kf6 40. Kg1
Bc1 41. Kf1 Bd2 42. Bd7 Ke5 43. f3 gxf3 44. exf3 f4 45. g4 Kf6 46. Ke2 Bb4 47.
Bf5 1/2-1/2

[Event "Laval op"]
[Site "Laval CAN"]
[Date "2018.06.22"]
[Round "1.8"]
[White "Steinberg, Ellis"]
[Black "Huang, Qiuyu"]
[Result "0-1"]
[WhiteElo "1699"]
[BlackElo "2104"]
[PlyCount "92"]
[EventDate "2018.06.22"]
[EventType "swiss"]
[EventRounds "5"]
[EventCountry "CAN"]

1. e4 c5 2. Nf3 Nc6 3. d4 cxd4 4. Nxd4 g6 5. c4 Bg7 6. Be3 Nf6 7. Nc3 d6 8. Be2
O-O 9. O-O Bd7 10. Rc1 Nxd4 11. Bxd4 Bc6 12. Bf3 a5 13. Nd5 Nd7 14. Bxg7 Kxg7
15. Re1 Kg8 16. g3 e6 17. Nf4 Qb6 18. Re2 Ne5 19. Bg2 Rfd8 20. Nd3 Qd4 21. Nxe5
dxe5 22. Qxd4 Rxd4 23. f3 a4 24. Bf1 Kf8 25. Kf2 Ke7 26. Ke1 Rad8 27. Rec2 f5
28. exf5 exf5 29. Be2 g5 30. Rd1 Rxd1+ 31. Bxd1 f4 32. Rd2 Rxd2 33. Kxd2 fxg3
34. hxg3 h5 35. Ke3 h4 36. Kf2 Kd6 37. b4 a3 38. gxh4 gxh4 39. Kg2 Bd7 40. Bc2
Be6 41. Bb3 Ke7 42. b5 b6 43. Kf2 Kf6 44. Kg2 Kg5 45. Kf2 Kf4 46. Kg2 Ke3 0-1

[Event "Laval op"]
[Site "Laval CAN"]
[Date "2018.06.22"]
[Round "1.9"]
[White "Sprumont, Oscar"]
[Black "Richard, Leo"]
[Result "1-0"]
[WhiteElo "2046"]
[BlackElo "1658"]
[PlyCount "87"]
[EventDate "2018.06.22"]
[EventType "swiss"]
[EventRounds "5"]
[EventCountry "CAN"]

1. Nf3 Nf6 2. c4 c5 3. g3 Nc6 4. Bg2 e6 5. O-O Be7 6. Nc3 O-O 7. d4 cxd4 8.
Nxd4 a6 9. b3 Qc7 10. Bb2 d6 11. Re1 Bd7 12. e4 Nxd4 13. Qxd4 Bc6 14. f4 Rfd8
15. Kh1 Ne8 16. Rac1 Bf6 17. Qe3 Rab8 18. Re2 b5 19. cxb5 axb5 20. Nd5 Qb7 21.
Bxf6 Nxf6 22. Rxc6 exd5 23. exd5 Rbc8 24. Qc1 Ra8 25. Rc7 Qb6 26. Rcc2 Re8 27.
Rxe8+ Rxe8 28. Rc8 Kf8 29. a4 bxa4 30. bxa4 Qa5 31. Rxe8+ Nxe8 32. Qd1 Nf6 33.
h4 Nd7 34. Qd3 g6 35. Qd4 Kg8 36. h5 f6 37. hxg6 hxg6 38. Qe4 Nf8 39. Qc4 Kf7
40. Qc6 Ke7 41. Bf1 Nd7 42. Bb5 Qe1+ 43. Kg2 Qd2+ 44. Kh3 1-0

[Event "Laval op"]
[Site "Laval CAN"]
[Date "2018.06.22"]
[Round "1.10"]
[White "Tinica, Gabriel"]
[Black "Tanaka, Tyler"]
[Result "0-1"]
[WhiteElo "1635"]
[BlackElo "2038"]
[PlyCount "74"]
[EventDate "2018.06.22"]
[EventType "swiss"]
[EventRounds "5"]
[EventCountry "CAN"]

1. d4 Nf6 2. c4 g6 3. Nc3 Bg7 4. e4 d6 5. f4 O-O 6. Nf3 c5 7. d5 e6 8. Be2 exd5
9. cxd5 Re8 10. Nd2 Nbd7 11. O-O c4 12. Bxc4 Nc5 13. e5 dxe5 14. fxe5 Rxe5 15.
Nf3 Re8 16. Bg5 Qb6 17. Kh1 Nce4 18. Bxf6 Nxf6 19. Qb3 Qxb3 20. Bxb3 Bd7 21.
Rad1 Ng4 22. Rde1 Ne3 23. Rf2 Bxc3 24. bxc3 Rac8 25. d6 Nf5 26. Rxe8+ Bxe8 27.
Rd2 Rd8 28. d7 Rxd7 29. Rxd7 Bxd7 30. Bd5 Nd6 31. Ne5 Be6 32. Bb3 Ne4 33. c4
Nd2 34. h3 f6 35. Ng4 Bxg4 36. hxg4 Nxb3 37. axb3 Kf7 0-1

[Event "Laval op"]
[Site "Laval CAN"]
[Date "2018.06.22"]
[Round "1.11"]
[White "Durette, Francis"]
[Black "Page, Dany"]
[Result "1-0"]
[WhiteElo "2031"]
[BlackElo "1630"]
[PlyCount "71"]
[EventDate "2018.06.22"]
[EventType "swiss"]
[EventRounds "5"]
[EventCountry "CAN"]

1. c4 e5 2. Nc3 Nc6 3. g3 g6 4. Bg2 Bg7 5. e4 Nge7 6. Nge2 O-O 7. O-O d6 8. d3
Nd4 9. Nxd4 exd4 10. Ne2 c5 11. h3 Nc6 12. Nf4 f5 13. exf5 Bxf5 14. g4 Bd7 15.
Nd5 Be6 16. Re1 Qd7 17. f4 Kh8 18. Bd2 Rae8 19. a3 Bg8 20. Qa4 Rxe1+ 21. Rxe1
Re8 22. b4 Rxe1+ 23. Bxe1 Qe8 24. Be4 Qb8 25. Bh4 Qf8 26. b5 Bxd5 27. cxd5 Nd8
28. Bxd8 Qxd8 29. Qxa7 b6 30. a4 Bh6 31. Qf7 Qa8 32. Qf6+ Bg7 33. Qxd6 Bf8 34.
Qf6+ Kg8 35. d6 Qxa4 36. Bd5# 1-0